Ultragruppen 1. Bundesliga 2024/25 - Statistiken

Allgemein
  • Dieses Quiz wurde 227 mal gespielt
  • Das Durchschnittsergebnis liegt bei 9 aus 18
Antwortstatistiken
Hint Antwort % Korrekt
Bayern München Schickeria
98%
Borussia Dortmund The Unity
88%
Eintracht Frankfurt Ultras Frankfurt
79%
VfB Stuttgart Commando Cannstatt
71%
Borussia Mönchengladbach Sottocultura
66%
Bayer Leverkusen Ultras Leverkusen
59%
FC Augsburg Legio Augusta
58%
FC Sankt Pauli Ultra Sankt Pauli
57%
VfL Bochum Ultras Bochum
51%
Union Berlin Wuhle Syndikat
39%
SC Freiburg Corrillo
35%
VfL Wolfsburg Weekend Brothers
34%
Werder Bremen Infamous Youth
30%
Holstein Kiel Compagno
28%
Red Bull Zone147
28%
1.FSV Mainz 05 Ultraszene Mainz
20%
TSG Hoffenheim Crescendo Hohenlohe
15%
1.FC Heidenheim Fanatico Boys
15%
Keine übereinstimmenden Quizze gefunden
Verteilung der Resultate
Anzahl Personen mit jedem Resultat
Perzentil nach korrekt beantworteten Fragen
Ihre Resultats-Entwicklung
Sie haben dieses Quiz noch nicht gespielt